| 000 | 00810nam a22002777a 4500 | ||
|---|---|---|---|
| 003 | UA-OsUOA | ||
| 001 | 25358 | ||
| 007 | ta | ||
| 008 | 20040402b un ||||| |||| 00| 0 ukr d | ||
| 100 | _aМанойло А.В. | ||
| 700 | _aПетренко А.И. | ||
| 700 | _aФролов Д.Б. | ||
| 090 |
_a659.2 _bМ23 |
||
| 942 | _cBK | ||
| 040 |
_aUA-OsUOA _brus _cUA-OsUOA _dUA-OsUOA |
||
| 245 | _aГосударственная информационная политика в условиях информационно-психологической войны | ||
| 300 | _a514 с. | ||
| 955 | _a0 | ||
| 041 | _arus | ||
| 080 | _a659.2 | ||
| 020 | _a5-93517-131-7 | ||
| 260 |
_aМосква _bГорячая линия-Телеком _c2003 |
||
| 044 | _aRU | ||
| 650 | 7 | _2UDC | |
| 999 |
_c311651 _d311651 |
||